00953nam a2200217 a 450000100100000000500170001000800410002702000150006804000250008310000310010824500870013926000720022630000520029849000610035050400730041150400320048450000250051683000720054195201050061399900170071800003984920201002033753.0130725s2000 sp abc 001 0 spa d a8400078616 aDO-SdBNPbspacBNPHU1 aAyensa Prat, Eusebi96603910aBaladas griegas :bestudio formal, temático y comparativo /cEusebi Ayensa Prat. aMadrid :bConsejo Superior de Investigaciones Científicas,c2000. aXX, 423 p. ; :bil. mapas y láminas ;c24 cm.1 aNueva Roma. Biblioteca Graeca et latina Aevi posterioris aIncluye referencias bibliográficas y notas al pie de las páginas aBibliografía : p. 379-408 aIncluye índicev10 0aNueva Roma. Biblioteca Graeca et latina Aevi posteriorisv10966044 001050718MOaGRbGRcCTd2013-07-25iLF1l0o p39849-10r2020-06-25w2020-06-25y1ZNo se presta c39339d39339